| 000 | 00672nam a22001937a 4500 | ||
|---|---|---|---|
| 999 |
_c166492 _d166492 |
||
| 005 | 20190814170436.0 | ||
| 010 | _aUR-10286 | ||
| 020 |
_c500.00 _a9789388356213 |
||
| 035 | _aU-8841 | ||
| 037 | _bDBAD/PUB | ||
| 082 | _a844.08 | ||
| 100 | _aصد يقی مبين | ||
| 245 |
_aا يجا د ا ت(مجمو عہءجا ليہ ) _cصد يقی مبين |
||
| 246 |
_bا يجا د ا ت (Urdu) _aصد يقی مبين |
||
| 260 |
_a Delhi _bEducational Publishing House _c2018 ء |
||
| 270 |
_a3191،Vakil Street,Kucha Pandit,Lal Kuan, _bDelhi _e110006 _k23216162 _l00911123211540 |
||
| 300 |
_a176 ص _c22 Cm(Hb) |
||
| 942 |
_2ddc _cUR _h844.08 _mص د ی |
||